000
00268 a2200109 4500
001
64514
082
_a
610.695 USA
090
_c
38143
_d
38143
100
_a
USAF
245
_a
Flight Surgion's guide USAF School of Aerospace Medicine
_n
VOL-III
260
_a
USA
_b
USAF
942
_a
NUST-CAE
_k
610.695 USA
999
_c
299587
_d
299587